LEADER 00971nam0-2200325---450- 001 990004286150403321 005 20091026100204.0 035 $a000428615 035 $aFED01000428615 035 $a(Aleph)000428615FED01 035 $a000428615 100 $a19990604d1988----km-y0itay50------ba 101 0 $ager 102 $aDE 105 $ay-------001yy 200 1 $aDialektik (1814-15)$eEinleitung zur Dialektik (1833)$fFriedrich Schleiermacher$ghrsg. von Andreas Arndt 210 $aHamburg$cMeiner$d1988 215 $aXXXIV, 178 p.$d18 cm 225 1 $aPhilosophische Bibliothek$v387 610 0 $aDialettica 676 $a141.6$v21$zita 700 1$aSchleiermacher,$bFriedrich Daniel Ernst$f<1768-1834>$0152253 702 1$aArndt,$bAndreas 801 0$aIT$bUNINA$gRICA$2UNIMARC 901 $aBK 912 $a990004286150403321 952 $aP.1 FG/T 15 (10)$bBIBL.7446$fFLFBC 959 $aFLFBC 996 $aDialektik (1814-15$9489698 997 $aUNINA LEADER 00936cam0-2200349---450- 001 990004031170403321 005 20160627120032.0 035 $a000403117 035 $aFED01000403117 035 $a(Aleph)000403117FED01 035 $a000403117 100 $a19990604d1982----km-y0itay50------ba 101 0 $aita 102 $aIT 105 $ay-------001cb 200 1 $aS. Francesco d'Assisi$fRaoul Manselli 205 $a3. ed. riveduta 210 $aRoma$cBulzoni$d1982 215 $a362 p.$d21 cm 225 1 $aBiblioteca di cultura$v182 512 1 $aSan Francesco d'Assisi 600 0$aFrancesco d'Assisi 676 $a271.3 676 $a922 700 1$aManselli,$bRaoul$f<1917-1984>$0153506 801 0$aIT$bUNINA$gRICA$2UNIMARC 901 $aBK 912 $a990004031170403321 952 $a271.3 FRA 19$bDip.d.s.503$fFLFBC 959 $aFLFBC 996 $aS. Francesco d'Assisi$9470708 997 $aUNINA LEADER 02989nam 2200649 450 001 9910585588203321 005 20230621135346.0 010 $a3-631-82786-5 035 $a(CKB)4960000000111529 035 $a(MiAaPQ)EBC6341049 035 $a(oapen)https://directory.doabooks.org/handle/20.500.12854/90480 035 $a(EXLCZ)994960000000111529 100 $a20210205d2020 uy 0 101 0 $aeng 135 $aurcnu|||||||| 181 $ctxt$2rdacontent 182 $cc$2rdamedia 183 $acr$2rdacarrier 200 10$a"No one will do this for us" $ethe linguistic and cultural practices of young activists representing European linguistic minorities /$fNicole Dolowy-Rybinska ; translated by Daniel J. Sax 210 $aBern$cPeter Lang International Academic Publishing Group$d2020 210 1$aBerlin :$cPeter Lang,$d2020. 215 $a1 online resource (394 pages) 225 0 $aSprach- und kulturkontakte in Europas mitte studien zur Slawistik und Germanistik 311 $a3-631-82775-X 311 $a3-631-82785-7 330 $aThis book presents a portrait of actively engaged young people representing four linguistic minorities in Europe: the Kashubs (in Poland), the Upper Sorbs (in Germany), the Bretons (in France), and the Welsh (in the United Kingdom). In numerous statements cited in the book, drawn from interviews conducted by the author, young people speak for themselves and serve as guides to their minority cultures. They draw attention to the difficulties and challenges they encounter in their day-to-day life and activism. Based on their statements, the book examines the sociolinguistic situation of each of the minorities, the prevailing linguistic ideologies and the role of minority education; it also distinguishes different types of minority language speakers. The analysis focuses on the cultural and identity-forming practices of young people in the context of different forms of community life and their different pathways to becoming engaged representing their cultures and languages. 606 $aLinguistic minorities$zEurope 607 $aEurope$2fast 610 $aActivists 610 $aCultural 610 $aDo?owy 610 $aEurope?s 610 $aEuropean 610 $alanguage activists 610 $alanguage revitalization 610 $aLinguistic 610 $alinguistic minorities 610 $aMinorities 610 $amultilingual Europe 610 $aPractices 610 $aRepresenting 610 $aRybi?ska 610 $aspeakers of minority languages 610 $aWill 610 $aYoung 610 $ayoung activists 615 0$aLinguistic minorities 676 $a306.4494 700 $aDo?owy-Rybin?ska$b Nicole$01252336 702 $aSax$b Daniel 801 0$bMiAaPQ 801 1$bMiAaPQ 801 2$bMiAaPQ 906 $aBOOK 912 $a9910585588203321 996 $a"No one will do this for us"$92903172 997 $aUNINA LEADER 02089nam 2200529 a 450 001 9910781222703321 005 20200520144314.0 010 $a0-295-80170-0 035 $a(CKB)2550000000036908 035 $a(EBL)3444322 035 $a(SSID)ssj0000534231 035 $a(PQKBManifestationID)12231928 035 $a(PQKBTitleCode)TC0000534231 035 $a(PQKBWorkID)10493002 035 $a(PQKB)10883913 035 $a(OCoLC)742514420 035 $a(MdBmJHUP)muse48486 035 $a(Au-PeEL)EBL3444322 035 $a(CaPaEBR)ebr10477176 035 $a(MiAaPQ)EBC3444322 035 $a(EXLCZ)992550000000036908 100 $a20041221d2005 uy 0 101 0 $aeng 135 $aur|n|---||||| 181 $ctxt 182 $cc 183 $acr 200 14$aThe audio dictionary$b[electronic resource] /$fGlenn D. White and Gary J. Louie 205 $a3rd ed., rev. and expanded. 210 $aSeattle $cUniversity of Washington Press$d2005 215 $a1 online resource (518 p.) 300 $aDescription based upon print version of record. 311 $a0-295-98498-8 320 $aIncludes bibliographical references. 327 $aThe audio dictionary -- The art and science of good acoustics -- Some frequently used symbols and units -- How to subdue a hi-fi salesperson -- Good acoustics in small rooms and auditoria -- Some notes on audio measurements -- The balanced line -- Some notes on digital audio -- Musical scales and the tuning of musical instruments -- Some notes on the history of high fidelity -- Some notes on decimal and binary arithmetic as used in computer terminology -- Some notes on impedance and frequency response. 606 $aSound$xRecording and reproducing$vDictionaries 615 0$aSound$xRecording and reproducing 676 $a621.389/3 700 $aWhite$b Glenn D.$f1933-$01514126 701 $aLouie$b Gary J$01514127 801 0$bMiAaPQ 801 1$bMiAaPQ 801 2$bMiAaPQ 906 $aBOOK 912 $a9910781222703321 996 $aThe audio dictionary$93749046 997 $aUNINA